University Home | Library Home | Institutional Repository

La cite indigene de Leopoldville / (Record no. 195055)

MARC details
000 -LEADER
fixed length control field 00908cam0a220022900 4500
001 - CONTROL NUMBER
control field tmp15388468
003 - CONTROL NUMBER IDENTIFIER
control field UPRA
005 - DATE AND TIME OF LATEST TRANSACTION
control field 20190830115430.0
008 - FIXED-LENGTH DATA ELEMENTS--GENERAL INFORMATION
fixed length control field 950802s1947 fr fre u
035 ## - SYSTEM CONTROL NUMBER
System control number (Sirsi) r71485
035 ## - SYSTEM CONTROL NUMBER
System control number (UPRA)tmp15388468
040 ## - CATALOGING SOURCE
Transcribing agency UPRA
100 1# - MAIN ENTRY--PERSONAL NAME
Personal name Capelle, Emmanuel.
Linkage A32669.1
245 13 - TITLE STATEMENT
Title La cite indigene de Leopoldville /
Statement of responsibility, etc. [Editeurs: Le Centre d'Etudes Sociales Africaines [and] Le Centre d'Etude des Problemes Sociaux Indigenes.
260 ## - PUBLICATION, DISTRIBUTION, ETC.
Place of publication, distribution, etc. [Elisabethville :
Name of publisher, distributor, etc. C.E.P.S.I.,
Date of publication, distribution, etc. 1947]
490 1# - SERIES STATEMENT
Series statement C.E.P.S.I. Editions Sociales ;
Volume/sequential designation 5
651 #0 - SUBJECT ADDED ENTRY--GEOGRAPHIC NAME
Geographic name Kinshasa.
Linkage S24381.1
810 2# - SERIES ADDED ENTRY--CORPORATE NAME
Corporate name or jurisdiction name as entry element Centre d'Etude des problemes sociaux Indigenes. Editions sociales ;
Title of a work Centre d'Etude des problemes sociaux Indigenes. Editions sociales ;
Volume/sequential designation 5.
Linkage S5481.1
949 ## - LOCAL PROCESSING INFORMATION (OCLC)
a DT665
w lcc
i -97333
m MAIN
t BOOK
l ON-SHELF
949 ## - LOCAL PROCESSING INFORMATION (OCLC)
a DT665
w lcc
i -97334
m MAIN
t BOOK
l ON-SHELF

No items available.

© 2026 - The University of Zambia Library - Koha v25.11